000 00798cam a2200253 4500
001 M93337
008 090401t1998 xxu||||| |||| 00| 0 eng d
035 _a(Sirsi) u99522
041 _aeng
110 _aRoyal Institution of Chartered Surveyors
_94900
245 _aInland Revenue withdrawal of `cash basis` practice for professionals.
260 _aLondon
_bRICS
_c1998
300 _a5p. ; 30cm.
350 _a0
490 _aRICS Policy Unit Submission
_vPU/SUB/068
520 _aA submission by the RICS prepared in response to a request from the Inland Revenue.
650 _aCASH BASIS
650 _aINLAND REVENUE
650 _aPARTNERSHIPS
650 _aWORK IN PROGRESS
690 _aMANAGEMENT-BUSINESS MANAGEMENT-PROFESSIONAL PRACTICE
942 _n0
948 _c07/08/1998
999 _c99374
_d99374